An outline of American history

An Outline of American History is one of the oldest continuing publications od the United States information Agency. The first edition (1949 - 50) was produced under the sditorship of Francis Whitney, frist of the State Department Office of International Information and later of the U. S. Informatio...

Volledige beschrijving

Bewaard in:
Bibliografische gegevens
Formaat: Boek
Taal:Undetermined
Gepubliceerd in: United States Office of International Programs United States Department of State 1994
Onderwerpen:
Tags: Voeg label toe
Geen labels, Wees de eerste die dit record labelt!
Thư viện lưu trữ: Trung tâm Học liệu Trường Đại học Cần Thơ
LEADER 00826nam a2200181Ia 4500
001 CTU_226146
008 210402s9999 xx 000 0 und d
082 |a 973 
082 |b O.94 
245 3 |a An outline of American history 
260 |a United States 
260 |b Office of International Programs United States Department of State 
260 |c 1994 
520 |a An Outline of American History is one of the oldest continuing publications od the United States information Agency. The first edition (1949 - 50) was produced under the sditorship of Francis Whitney, frist of the State Department Office of International Information and later of the U. S. Information Agency. 
650 |a Hoa Kỳ,America 
650 |x Lịch sử,History 
910 |b nthai 
980 |a Trung tâm Học liệu Trường Đại học Cần Thơ